Wszystkie przystanki tramwajowe linii numer 16 we Wrocławiu - Statystyki

Ogólne statystyki
  • Ten quiz został rozwiązany 6 razy
  • Średni wynik to 12 z 23
Statystyki odpowiedzi
Hint Odpowiedź % Poprawnych
13 Most Grunwaldzki
83%
18 Nowowiejska
83%
15 Piastowska
83%
14 pl. Grunwaldzki
67%
16 Prusa
67%
1 Tarnogaj
67%
17 Wyszyńskiego
67%
5 Bardzka
50%
20 Dworzec Nadodrze
50%
21 Dworzec Nadodrze
50%
6 Kamienna
50%
23 Karłowice
50%
19 Słowiańska
50%
3 Tarnogajska
50%
22 Trzebnicka
50%
12 Urząd Wojewódzki
50%
8 Hubska ( Dawida )
33%
10 Komuny Paryskiej
33%
9 Kościuszki
33%
4 Nyska
33%
11 pl. Wróblewskiego
33%
7 Prudnicka
33%
2 Kilmasa
0%
Nie znaleziono quizów pasujących do podanych kryteriów
Rozkład punktacji
Procent ludzi z każdym wynikiem
Percentyl według liczby udzielonych odpowiedzi
Twoja historia wyników
Nie rozwiązałeś tego quizu